| 000 | 00325nab a22001097u 4500 | ||
|---|---|---|---|
| 008 | 130520b1985 xxu||||| |||| 00| 0 spa d | ||
| 041 | _aspa | ||
| 100 | 1 |
_aMesnil, Michel _918849 |
|
| 245 | 0 | 0 |
_aFunción antropológica del monoteísmo _cMichel Mesnil |
| 773 | 0 |
_tConcilium _gV.1,1985,págs.43-56 _x0210-1041 _wRev134 |
|
| 942 | _cAR | ||
| 999 |
_c355151 _d355151 |
||